[Event "1st Charlotte Masters 2021"]
[Site "Charlotte"]
[Date "2021.02.15"]
[Round "4.1"]
[White "Sinha, Sahil"]
[Black "Mishra, Abhimanyu"]
[Result "1/2-1/2"]
[WhiteElo "2324"]
[BlackElo "2354"]
[Annotator "TA"]
[PlyCount "99"]
[EventDate "2021.02.12"]
[EventType "swiss"]
[EventCountry "USA"]
[SourceTitle "playchess.com"]
[Source "ChessBase"]
[SourceQuality "1"]

{[%evp 13,99,19,22,9,12,14,0,1,12,0,0,2,29,20,31,26,31,28,31,24,32,20,17,19,33,0,0,0,0,0,0,0,0,-10,0,0,0,0,32,32,34,27,30,27,31,27,27,27,27,21,75,38,47,47,52,52,83,83,83,83,83,83,83,83,83,83,83,83,83,83,92,92,92,68,85,79,79,79,79,22,29,22,22,22,22,22,22,0]} 1. d4 d5 2. c4 c6 3. Nf3 Nf6 4. Qc2 dxc4 5. Qxc4 Bf5 6. g3 e6 7. Bg2 Be7 8. O-O {D23: Queen's Gambit Accepted: 3 Nf3 Nf6 sidelines.} O-O 9. Rd1 Nbd7 10. e3 Rc8 11. Nc3 b5 12. Qe2 Bg6 {[#]} (12... b4 $5 {[%cal Rb4c3]} 13. Na4 Qa5 $11) 13. Ne5 $146 ({Predecessor:} 13. b3 Qa5 14. Bb2 b4 15. Na4 Rc7 16. h3 Qb5 17. Qe1 Be4 18. Rac1 Qb7 19. Nc5 Nxc5 20. dxc5 {1-0 (44) David,A (2520)-Lamard,G (2486) Chartres 2020}) 13... Nxe5 14. dxe5 Nd7 15. f4 Qc7 16. Ne4 Bxe4 17. Bxe4 Rfd8 18. Bd2 a6 19. Qe1 Nb6 20. Ba5 Rxd1 21. Rxd1 Qa7 22. b3 Nd5 23. Bd2 a5 24. Rc1 ({But not} 24. Bxa5 $2 b4 $19) 24... Ba3 25. Rc2 Nb4 26. Bxb4 Bxb4 27. Qc1 Ba3 28. Qd2 Qb6 29. Kf2 Rd8 30. Qe2 c5 31. Bd3 Qc6 (31... Rb8 $11 {remains equal.}) 32. h4 (32. Rd2 $5 {[%cal Rd3h7]} g6 33. Bxb5 {[%mdl 64] Discovered Attack} Rxd2 34. Bxc6 Rxe2+ 35. Kxe2 $16) 32... Qh1 33. Qf1 Qxf1+ 34. Bxf1 $14 {[%mdl 4096] Endgame KRB-KRB} Bb4 35. Bxb5 Rd2+ 36. Rxd2 Bxd2 $16 {KB-KB} 37. h5 Kf8 38. Kf3 Ke7 39. g4 h6 40. Bc4 f6 41. exf6+ gxf6 42. Ke4 Bc1 43. a4 Bd2 44. g5 fxg5 45. fxg5 hxg5 46. h6 ({Better is} 46. Bd3 $16) 46... Kf6 $11 47. Kd3 Bc1 {The position is equal.} 48. h7 Kg7 49. Bxe6 Kxh7 50. Bg4 {Weighted Error Value: White=0.07/Black=0.07} 1/2-1/2

[Event "1st Charlotte Masters 2021"]
[Site "Charlotte"]
[Date "2021.02.15"]
[Round "4.2"]
[White "Sarkar, Justin"]
[Black "Colas, Joshua"]
[Result "1-0"]
[WhiteElo "2366"]
[BlackElo "2280"]
[Annotator "TA"]
[PlyCount "89"]
[EventDate "2021.02.12"]
[EventType "swiss"]
[EventCountry "USA"]
[SourceTitle "playchess.com"]
[Source "ChessBase"]
[SourceQuality "1"]

{[%evp 12,89,15,14,20,-4,16,13,38,23,19,-1,18,-14,-1,-8,-7,-7,-14,-10,-21,-36,-25,-48,-20,-43,-24,-32,-28,-39,-46,-45,-42,-59,0,-62,-58,-76,-100,-213,-210,-214,-188,-686,-127,-170,-159,-139,234,0,0,-333,-191,-202,1162,1139,29977,29979,29978,29980,29980,29981,29981,29982,29981,29982,29982,29983,29984,29985,29987,29988,29988,29989,29989,29990,29991,29992,29992,29993]} 1. d4 d5 2. Nf3 Nf6 3. g3 e6 4. Bg2 Be7 5. c4 O-O 6. Qc2 dxc4 7. Qxc4 a6 {E06: Closed Catalan: Early deviations.} 8. Ne5 Nbd7 9. O-O Nxe5 {The position is equal.} 10. dxe5 Nd7 {[#]} 11. f4 $146 ({Predecessor:} 11. Bf4 g5 12. Bd2 Nxe5 13. Qc2 f5 14. Na3 Rb8 15. Rad1 Bd6 16. Qc1 h6 17. f4 {1-0 (42) Smyslov,V-Verlinsky,B Moscow 1945}) 11... c5 12. Qc2 Rb8 13. Nd2 b5 14. Ne4 Bb7 15. Be3 Qc7 16. h4 h6 17. g4 c4 18. g5 h5 19. Rad1 g6 20. Nf6+ Nxf6 21. gxf6 Bc5 22. Qc1 Qb6 ({Black should try} 22... Rfc8 $15) 23. Bxc5 ({White should play} 23. Bf2 $1 $11 Rfd8 24. Rxd8+ Rxd8 25. f5 Bxg2 26. Qh6) 23... Qxc5+ $15 24. Rf2 {Hoping for f5!} Bxg2 25. f5 {[#]} (25. Kxg2 $17 Qc6+ 26. Kg3) 25... Rfd8 $1 $19 26. Rxd8+ Rxd8 27. fxe6 $2 (27. Qh6 Qf8 28. Qxf8+ Kxf8 29. fxe6 fxe6 30. Rxg2) 27... Qxe5 $2 (27... Bc6 $19 28. e4 Qxe5 {[%mdl 64] Double Attack}) 28. e7 $17 {[#]} Rd4 29. Rxg2 {[%mdl 4096] Endgame KQR-KQR} (29. Qh6 {is a self mate.} Rd1+ 30. Kxg2 Qe4+ 31. Rf3 Qxe2+ 32. Rf2 Qg4+ 33. Kh2 Qg1+ 34. Kh3 Rd3+ 35. Qe3 Rxe3+ 36. Rf3 Rxf3#) 29... Re4 $2 {[%mdl 8192]} (29... Kh7 $17 30. Qe1 b4) 30. Qd2 $2 $40 {[%mdl 128] White is up to no good.} ({Only move:} 30. Qh6 $18 {[%csl Gf6][%cal Rh6g7]} Qxf6 31. Qf8+ Kh7 32. Rf2 Rg4+ 33. Kf1) 30... Kh7 $11 31. Rf2 {[%mdl 8192]} (31. Qd7 $11) 31... Qg3+ ({Less strong is} 31... Rxh4 32. Rg2 $19) (31... b4 $142 32. Rf3 Rxh4) 32. Kf1 $19 Rxh4 $4 {[%mdl 8192]} (32... Qxh4 $19 33. e3 Qh3+ 34. Ke1 g5) 33. Qd5 $18 Qe3 34. Qxf7+ {White mates.} Kh6 35. Qg7+ Kg5 36. Rg2+ Rg4 37. Rxg4+ hxg4 {KQ-KQ} 38. e8=Q ({Weaker is} 38. f7 Qf4+ 39. Kg1 Qg3+ 40. Kf1 Qf4+ 41. Kg2 Qe4+ 42. Kg1 Qe3+ 43. Kh1 Qh3+ 44. Kg1 Qe3+ 45. Kh2 Qh3+ 46. Kg1 Qe3+ $11) 38... Qxe8 39. f7 Qe4 40. f8=Q {[%csl Gf8][%cal Rg7h6]} Qh1+ 41. Kf2 g3+ 42. Kxg3 {[%cal Rg7e5]} Qh4+ 43. Kf3 {[%cal Rg7e5]} Qh3+ 44. Ke4 Qg4+ 45. Kd5 {[%csl Gf8][%cal Rg7h6] Weighted Error Value: White=0.43/Black=0.63} 1-0

[Event "1st Charlotte Masters 2021"]
[Site "Charlotte"]
[Date "2021.02.15"]
[Round "4.3"]
[White "Liang, Jason"]
[Black "Oberoi, Shelev"]
[Result "1-0"]
[WhiteElo "2342"]
[BlackElo "2161"]
[Annotator "TA"]
[PlyCount "127"]
[EventDate "2021.02.12"]
[EventType "swiss"]
[EventCountry "USA"]
[SourceTitle "playchess.com"]
[Source "ChessBase"]
[SourceQuality "1"]

{[%evp 13,127,19,26,12,57,56,73,72,95,96,124,125,127,117,100,95,87,94,89,93,97,85,95,89,89,76,60,65,98,93,104,95,111,113,130,116,121,112,119,114,122,116,126,127,121,91,121,115,123,123,123,126,301,301,295,283,333,300,306,292,301,270,402,402,408,389,412,397,527,540,529,514,591,624,615,471,419,434,500,471,964,935,942,856,1008,880,1260,1266,1191,1093,931,901,12839,1509,817,0,2434,12834,12834,12833,12828,12834,12833,1517,12839,12839,12843,12843,29985,29986,29988,29989,29989,29989,29993,29994]} 1. e4 e5 2. Nf3 Nc6 3. Bc4 Nf6 4. Ng5 d5 5. exd5 Na5 6. Bb5+ Bd7 7. Qe2 Be7 8. Nf3 {C58: Two Knights: 4 Ng5 d5 5 exd5 Na5 sidelines.} e4 9. Ne5 c6 10. dxc6 {White is better.} Nxc6 11. Bxc6 Bxc6 12. Nxc6 bxc6 13. Nc3 Qd4 14. O-O O-O 15. d3 exd3 16. Qxe7 {And now Be3 would win.} d2 {[#]} 17. Bxd2 $146 ({Predecessor:} 17. Qa3 dxc1=Q 18. Raxc1 {1-0 (18) Beveridge,C (2180)-Tibbert,P (1805) ICCF email 2016}) 17... Qxd2 18. Qe2 Qf4 19. Rad1 Qb4 20. Rb1 Rad8 21. Rfd1 Rxd1+ 22. Nxd1 Rd8 23. a3 Qf4 24. Ne3 h5 25. h3 Ne4 {Threatening ...Rd2.} 26. Rd1 Rxd1+ 27. Nxd1 g6 28. Qe3 Qd6 29. Qxe4 Qxd1+ $16 {[%mdl 4096] Endgame KQ-KQ} 30. Kh2 Qd2 31. Qe8+ ({Don't do} 31. Qxc6 $6 Qf4+ 32. g3 Qxf2+ 33. Qg2 Qd4 $11) 31... Kg7 32. Qe5+ ({Much less strong is} 32. Qxc6 Qf4+ 33. g3 Qxf2+ 34. Qg2 Qf6 $14) 32... Kg8 $2 (32... Kh7 $16 {was called for.}) 33. Qb8+ $18 Kg7 34. Qxa7 Qxc2 35. Qd4+ Kg8 {[#]} 36. b4 Qa2 37. Qe3 Qc2 (37... Qc4 $142 38. f3 Kh7) 38. h4 Qc4 39. g3 Qc2 40. Qa7 Qc3 41. Kg2 Kg7 42. Qe3 Qc4 43. Qe5+ Kg8 44. Qb8+ Kg7 45. a4 {[%cal Ba3a4,Ba4a5,Ba5a6][%mdl 32]} Qe4+ 46. Kh2 Qc2 {[#]} (46... g5 $142 47. hxg5 c5 48. bxc5 Qd4) 47. Qa7 $1 {[%cal Ra7d4]} Qe4 48. Qc5 Qe2 49. a5 f5 50. Qa7+ Kg8 51. a6 f4 52. gxf4 Qg4 53. Qb8+ (53. Qe3 $142 Kh7 54. Qe7+ Kg8 55. Qe8+ Kh7 56. Qf7+ Kh6 57. Qf6) 53... Kh7 54. Qa7+ $2 ({White should try} 54. f5 $18 {Threatens to win with Qc7+.} Qxh4+ 55. Kg1) 54... Kh6 $2 {[%mdl 8192]} (54... Kg8 $11) 55. Qe3 Qxh4+ 56. Kg2 Qg4+ 57. Qg3 {White wants to mate with Qxg4.} Qd7 58. Qf3 Qc8 59. b5 {[%cal Bb4b5,Bb5b6][%mdl 32]} h4 60. a7 Qb7 61. b6 {White mates.} Qc8 62. Kh2 Qb7 63. Qg4 Qxb6 64. Qxh4+ {Weighted Error Value: White=0.17/Black=0.41} 1-0

[Event "1st Charlotte Masters 2021"]
[Site "Charlotte"]
[Date "2021.02.15"]
[Round "4.4"]
[White "Wang, Tianqi"]
[Black "Posthuma, Joshua"]
[Result "1/2-1/2"]
[WhiteElo "2307"]
[BlackElo "2307"]
[Annotator "TA"]
[PlyCount "74"]
[EventDate "2021.02.12"]
[EventType "swiss"]
[EventCountry "USA"]
[SourceTitle "playchess.com"]
[Source "ChessBase"]
[SourceQuality "1"]

{[%evp 11,74,12,23,22,10,22,50,35,41,40,42,0,0,-10,-8,0,-6,-6,-6,0,16,23,16,-3,11,0,20,22,16,6,18,25,26,0,0,0,0,0,0,0,0,0,0,-7,0,0,-12,-22,-6,-114,-117,-109,-103,-102,-12,-6,-4,-6,0,-9,0,-14,0,-10,0]} 1. e4 c6 2. d4 d5 3. exd5 cxd5 4. Bd3 Nc6 5. c3 Qc7 6. Ne2 Bg4 7. O-O {B13: Caro-Kann: Exchange Variation and Panov-Botvinnik Attack.} e6 8. Qe1 Bd6 {8...Nf6 gains popularity.} 9. f3 {White is slightly better.} Bf5 ({Don't blunder} 9... Bxh2+ $2 10. Kh1 $18) 10. Bxf5 exf5 ({Avoid the trap} 10... Bxh2+ $2 11. Kh1 $18) 11. Ng3+ (11. Bf4 $14) 11... Kf8 $11 12. Nxf5 Bxh2+ 13. Kh1 Bf4 14. Qh4 Bxc1 15. Rxc1 {[#]} g6 $146 ({Predecessor:} 15... Nge7 16. Ne3 Rd8 17. Na3 Ng6 18. Qh2 Qe7 19. Re1 Qg5 20. Rad1 Nf4 21. g3 Nh5 {½-½ (61) Schroeder,J (2571)-Stork,O (2187) Schwaebisch Gmuend 2019}) 16. Ne3 Qe7 17. Qf2 Nf6 18. Re1 {With the idea Nxd5!} Qd6 19. Nd2 Kg7 20. Qh4 Rhe8 21. Ndf1 Re6 22. Nc2 Rae8 23. Rxe6 Rxe6 24. Re1 Nh5 25. Rxe6 Qxe6 26. Nce3 Ne7 27. Kg1 Qd6 28. g4 Nf4 29. Qh2 Qf6 30. Qd2 {[#]} (30. Nf5+ $11 Nxf5 31. Qxf4) 30... Nh3+ $1 $17 {[%mdl 64] Discovered Attack} 31. Kg2 Qh4 32. Nc2 g5 ({Much worse is} 32... Ng5 $6 33. Qf4 $11) ({Black should try} 32... h5 $17 33. Qe1 Nf4+ 34. Kg1 Qg5) 33. Qe1 $1 $36 {[%cal Re1h4][%mdl 2048] White has good play.The position is equal.} Nf4+ 34. Kg1 Nh3+ 35. Kg2 {[#] Black must now prevent Qxh4.} Nf4+ 36. Kg1 Nh3+ 37. Kg2 {aiming for Qxh4.} Nf4+ {Weighted Error Value: White=0.10/Black=0.11} 1/2-1/2

[Event "1st Charlotte Masters 2021"]
[Site "Charlotte"]
[Date "2021.02.15"]
[Round "4.5"]
[White "Wu, Rochelle"]
[Black "Mardov, Dimitar"]
[Result "0-1"]
[WhiteElo "2095"]
[BlackElo "2265"]
[Annotator "TA"]
[PlyCount "52"]
[EventDate "2021.02.12"]
[EventType "swiss"]
[EventCountry "USA"]
[SourceTitle "playchess.com"]
[Source "ChessBase"]
[SourceQuality "1"]

{[%evp 21,52,0,6,2,31,0,0,0,9,-17,-16,-32,-32,-34,-23,-33,-7,-9,-15,-57,-61,-148,-139,-314,-316,-278,-300,-591,-625,-712,-693,-757,-513]} 1. d4 d5 2. c4 e6 3. Nc3 Nf6 4. cxd5 exd5 5. Bg5 c6 6. e3 Be7 7. Bd3 Nbd7 {[%cal Bb8d7,Bd7f8,Bf8e6][%mdl 32]} 8. Qc2 Nf8 9. Nge2 g6 10. O-O Ne6 11. Bh4 O-O 12. Rae1 {D36: Queen's Gambit Declined: Exchange Variation: Main line (5 Bg5 c6 6 Qc2).} b6 {[%cal Bb7b6,Bb6c5,Bc5c4][%mdl 32]} 13. f3 Bb7 14. Bf2 {The position is equal.} Rc8 {[#]} 15. h3 $146 ({Predecessor:} 15. Rd1 Re8 16. h3 c5 17. dxc5 bxc5 18. Bc4 Nc7 19. Nf4 Bd6 20. Qb3 Rb8 21. Be2 {0-1 (40) Vakhidov,J (2500)-Fridman,D (2633) London 2017}) 15... c5 {[#] Hoping for ...c4.} 16. dxc5 bxc5 17. Qd2 Qb6 18. e4 dxe4 19. fxe4 Rfd8 {White must now prevent ...Nxe4!} 20. Qe3 c4 ({Not} 20... Qxb2 $2 21. Rb1 $18) 21. Bb1 ({White should play} 21. Bc2 $15) 21... Qxb2 $17 22. e5 $2 {[#] Loses the game.} (22. a4 $17) 22... Nd5 $1 $19 {[%cal Rd5e3]} 23. Nxd5 Bxd5 ({Don't take} 23... Rxd5 24. Be4 $19) 24. Nc3 $2 (24. Qxa7 Bb4 25. Qxf7+ Kxf7 26. Bd4+ Kg7 27. Bxb2) 24... Bg5 {Black is clearly winning.} 25. Na4 Qb4 26. Qxa7 Ra8 {Weighted Error Value: White=0.57/Black=0.05} 0-1

[Event "1st Charlotte Masters 2021"]
[Site "Charlotte"]
[Date "2021.02.15"]
[Round "4.6"]
[White "Wu, Derek"]
[Black "Park, Evan"]
[Result "1/2-1/2"]
[WhiteElo "2198"]
[BlackElo "2207"]
[Annotator "TA"]
[PlyCount "198"]
[EventDate "2021.02.12"]
[EventType "swiss"]
[EventCountry "USA"]
[SourceTitle "playchess.com"]
[Source "ChessBase"]
[SourceQuality "1"]

{[%evp 9,198,35,58,41,50,35,36,23,70,40,72,64,93,88,92,84,92,81,97,78,114,112,157,73,50,42,26,24,342,346,377,385,381,379,404,106,88,80,264,91,432,235,258,0,0,0,0,0,0,-19,0,0,0,0,0,-76,-75,-73,15,0,53,0,-28,-66,167,172,173,155,12816,9070,1024,10,10,7,11,11,11,11,14,11,301,282,227,0,72,51,51,14,14,18,81,33,33,33,33,0,32,14,32,32,32,32,32,32,32,32,33,24,24,0,0,0,24,0,0,0,32,0,24,0,0,0,0,0,0,-28000,-28000,-28000,-28000,-28000,-28000,-28000,-28000,-28000,-28000,-28000,-28000,-28000,-28000,-28000,-28000,-28000,-28000,-28000,-28000,-28000,-28000,-28000,-28000,-28000,-28000,-28000,-28000,-28000,-28000,-28000,-28000,-28000,-28000,-28000,-28000,-28000,-28000,-28000,-28000,-28000,-28000,-28000,-28000,-28000,-28000,-28000,-28000,-28000,-28000,-28000,-28000,-28000,-28000,-28000,-28000,-28000,-28000,-28000,-28000,-28000,-28000,-28000,-28000,-28000,-28000]} 1. Nf3 f5 2. d3 Nf6 3. e4 d6 4. exf5 Bxf5 5. d4 g6 6. Bc4 {A04: Unusual lines after 1 Nf3 and King's Indian Attack.} Bg7 7. O-O d5 8. Bd3 {[#] White is slightly better.} Ne4 $146 ({Predecessor:} 8... O-O 9. Bxf5 gxf5 10. Nc3 Nc6 11. Ne2 Qd7 12. Nf4 e6 13. c3 Rae8 14. Nd3 Ne4 {1-0 (33) Munoz Santana,J (2425)-Pinal,N (2305) Santo Domingo 2016}) 9. Nh4 Be6 10. Nc3 Nxc3 11. bxc3 O-O 12. Qe2 Bd7 13. Bg5 Bf6 14. f4 c5 15. Qf3 $36 {[%mdl 2048] Keeping Black busy.} (15. dxc5 $6 Qa5 $11) 15... e6 16. Qg3 (16. Bxg6 $142 $1 hxg6 17. Nxg6) 16... Nc6 $16 17. Nxg6 hxg6 18. Bh6 Kf7 {[%mdl 8192]} (18... Ne7 $11 {and Black is okay.}) 19. Bxg6+ $18 (19. Qxg6+ Ke7 $11) 19... Ke7 20. f5 $1 e5 21. dxe5 Bxe5 22. Qf3 (22. Rfe1 $18 {is more deadly.} Kd6 23. Rxe5 {[%mdl 64] Clearance} (23. Bxf8+ Qxf8 24. Qf3 Qf6 $17) 23... Nxe5 24. Re1) 22... Kd6 $16 {aiming for ...Qh4!} 23. Rad1 $1 d4 $2 (23... Ne7 $2 24. Rfe1 $18) (23... Kc7 $16) 24. cxd4 $2 (24. Bxf8+ Qxf8 25. cxd4 cxd4 $11) (24. Bf4 $1 $18 {and the rest is easy.}) 24... Bxd4+ $2 {[%mdl 8192] [#]} (24... cxd4 $16 25. Rfe1 (25. Bxf8+ Qxf8 26. c3 Kc7 $11) 25... Qa5) 25. Kh1 (25. Rxd4+ $142 $1 {[%mdl 512]} cxd4 26. Bf4+ (26. Bxf8+ Qxf8 27. Qg3+ Kc5 $14) 26... Kc5 27. Qa3+ Nb4 28. c3 dxc3 29. Qxc3+ Kb5 30. a4+ Ka6 31. Qc4+ (31. Qxb4 Qb6+ 32. Qxb6+ Kxb6 $18) 31... b5 32. axb5+ (32. Qxb4 Qb6+ 33. Kh1 bxa4 $14) 32... Bxb5 33. Ra1+ (33. Qxb4 Bxf1 34. Kxf1 Qa5 $11) 33... Kb7 34. Qxb4 Qb6+ 35. Kh1) 25... Kc7 $18 26. c3 $2 (26. Bxf8 $6 Qxf8 27. f6 Ne5 $16) (26. Rfe1 $18) 26... Be5 $1 $11 {Black wants to play ...Qh4!} (26... Ne5 $2 27. Qg3 $18) 27. Rd5 {Strongly threatening Rfd1.} Qh4 {[%csl Ge5][%cal Rh4h2][%mdl 64] Double Attack} 28. Rxe5 $1 Qxh6 (28... Nxe5 $6 29. Bf4 $16) 29. Rxc5 Rad8 30. Qg3+ $1 Kc8 31. h4 Rf6 32. Qg5 (32. Rd1 $11) 32... Qf8 $17 33. Rc4 Kb8 (33... b5 $17 34. Rcf4 Qd6) 34. h5 Ne7 ({Black should try} 34... Ka8 $11) 35. Rh4 (35. Rd4 $14) 35... Rc8 $11 (35... Nxf5 $2 36. Rd4 $1 $18) (35... Nxg6 36. hxg6 Rxf5 37. Rxf5 $16) 36. Rf3 Nxg6 $2 (36... Bc6 $15 {keeps the upper hand.} 37. Rff4 Ka8) 37. hxg6 $18 {And now g7 would win.} Rxf5 {[#]} 38. g7 $1 {[%mdl 512]} Qf7 (38... Rxg5 $2 {loses.} 39. gxf8=Q (39. gxf8=N Bc6 $15) 39... Rxf8 40. Rxf8+ $18) (38... Rxf3 $16 39. gxf8=R (39. gxf8=Q Rfxf8 40. Kg1 Bc6 $16) 39... Rfxf8) (38... Rxf3 39. gxf8=R) 39. Rxf5 Bxf5 40. Rf4 $2 (40. Rh8 $18 {Qf4+ would kill now.} Be6 41. Qg3+ Qc7 42. Rxc8+ Kxc8 43. g8=Q+ Bxg8 44. Qxg8+ Kd7 45. Qf7+ Kd6 46. Qxc7+ Kxc7 47. c4) 40... Rg8 $11 41. Rxf5 Qxg7 42. Qxg7 Rxg7 {[%mdl 4096] Endgame KR-KR} 43. Kh2 Kc7 44. Kh3 Kd6 $2 {[%mdl 8192]} (44... Rh7+ $1 $11 45. Kg3 Kd6) 45. g4 $18 Ke6 46. Rf3 $2 (46. Kh4 $1 $18) 46... Rg8 (46... b5 $1 $11 {remains equal.}) 47. Kh4 Rh8+ 48. Kg5 Rg8+ 49. Kf4 Rf8+ (49... b6 $11) 50. Ke4 (50. Kg3 {feels hotter.} Rg8 51. a4 a6 52. Rf4 b5 53. a5) 50... Rc8 51. Re3 Kf6 52. Kd4 b5 53. g5+ {[%mdl 64] Deflection, Decoy} Kxg5 54. Re5+ {[%mdl 64] Double Attack} Kf6 55. Rxb5 Ke6 56. Re5+ Kd6 57. Rd5+ Ke6 58. c4 {Hoping for c5.} Rh8 59. Ra5 Ra8 60. Rd5 Rh8 61. Kc5 Rc8+ 62. Kb4 a6 63. Rh5 {Black must now prevent Rh6+.} Kd7 64. Rh6 Rb8+ 65. Kc5 Rc8+ 66. Kd5 Rg8 67. Rxa6 $2 {[%mdl 8192]} (67. Rh7+ $11 Kc8 68. a4) 67... Kc7 {Mate.} 68. Kc5 Rg5+ 69. Kb4 Rg1 70. Rh6 Kb7 71. a4 Rg2 72. Kb5 Rb2+ 73. Kc5 Rg2 74. Rh7+ Ka6 75. Kc6 Rg6+ 76. Kc7 Rg5 77. Kc6 Rg6+ 78. Kc5 Rg5+ 79. Kb4 Rg1 80. Rh6+ Kb7 81. a5 Rg2 82. Kb5 Rb2+ 83. Kc5 Rg2 84. Rb6+ Kc7 85. Kb5 {[#]} Rb2+ $1 86. Ka6 Rh2 87. Ka7 Rh4 88. Rb4 Rg4 89. Rb7+ Kc6 90. Rb8 Kc7 91. Rb4 Rh4 92. a6 Rg4 93. Rb7+ Kc6 94. Rh7 Rxc4 95. Kb8 Rb4+ 96. Kc8 Rg4 {[%cal Rg4g8]} 97. Rh6+ {[#]} Kb5 $1 98. a7 Rg8+ 99. Kc7 Rg7+ {[%mdl 32768] What a fight!  Weighted Error Value: White=0.48/Black=0.55. An unexpected result.} 1/2-1/2

[Event "1st Charlotte Masters 2021"]
[Site "Charlotte"]
[Date "2021.02.15"]
[Round "4.7"]
[White "Eckert, Doug"]
[Black "Perrine, Dalton"]
[Result "1-0"]
[WhiteElo "2151"]
[BlackElo "2247"]
[Annotator "TA"]
[PlyCount "63"]
[EventDate "2021.02.12"]
[EventType "swiss"]
[EventCountry "USA"]
[SourceTitle "playchess.com"]
[Source "ChessBase"]
[SourceQuality "1"]

{[%evp 12,63,57,55,67,53,58,66,66,60,70,68,67,79,51,33,40,31,64,41,43,26,40,0,0,0,115,115,121,119,138,139,128,129,150,121,225,228,379,370,479,459,445,430,427,449,822,841,1093,1093,29994,369,29995,29996]} 1. d4 Nf6 2. c4 c5 3. d5 b5 4. cxb5 a6 5. bxa6 g6 6. Nc3 Bxa6 7. e4 Qa5 {A58: Benko/Volga Gambit: Lines with 5 bxa6.} 8. Bd2 {aiming for Bxa6.} Bxf1 9. Kxf1 d6 {White is slightly better.} 10. g3 Bg7 11. Kg2 O-O 12. Nf3 Na6 13. Qe2 Rfb8 14. Rab1 Nd7 15. Rhc1 Nc7 16. a3 {[#]} Qa6 $146 ({Predecessor:} 16... Rb7 17. Ne1 Rab8 18. Rc2 Rb3 19. Nd3 Qa8 20. Nc1 R3b6 21. b3 e6 22. dxe6 fxe6 {0-1 (59) Ballon,G (2190)-Lang,F (1964) Seefeld 2008}) 17. Qxa6 Rxa6 18. Bg5 Bxc3 (18... f6 $11 {remains equal.} 19. Be3 f5) 19. bxc3 $16 {Threatens to win with Rxb8+.} Rc8 20. Bxe7 f6 21. Rb7 Kf7 {[#]} 22. Bd8 {[%cal Rd8c7][%mdl 576] Deflection} Rxd8 23. Rxc7 Rxa3 (23... Ke7 $16 {is a better defense.}) 24. Nd2 $18 Ke7 $2 (24... Ra4 {might work better.} 25. Rb1 Ke8) 25. Nc4 Ra4 26. Nb6 {[%cal Rb6a4]} Ra6 27. Nc8+ Kf8 28. Rb1 Ne5 (28... f5 $142 29. exf5 gxf5) 29. Rbb7 h5 {[#]} 30. Rh7 $1 {[%cal Rh7h8]} Kg8 (30... Rd7 31. Rhxd7) 31. Rbg7+ Kf8 32. Ne7 {[%csl Ge7][%cal Rg7g8] Weighted Error Value: White=0.07/Black=0.49} 1-0

[Event "1st Charlotte Masters 2021"]
[Site "Charlotte"]
[Date "2021.02.15"]
[Round "4.8"]
[White "Resika, Nathan"]
[Black "Yanayt, Eugene"]
[Result "0-1"]
[WhiteElo "2155"]
[BlackElo "2100"]
[Annotator "TA"]
[PlyCount "56"]
[EventDate "2021.02.12"]
[EventType "swiss"]
[EventCountry "USA"]
[SourceTitle "playchess.com"]
[Source "ChessBase"]
[SourceQuality "1"]

{[%evp 19,56,19,28,23,21,-24,-25,-35,-17,-33,9,-22,-49,-95,-91,-116,-25,-43,0,-25,0,-49,7,0,0,-114,-79,-82,-64,-342,-355,-317,-295,-638,-654,-862,-855,-849,-850]} 1. Nf3 g6 2. c4 Bg7 3. g3 e5 4. d3 Nc6 5. Bg2 f5 6. O-O Nf6 7. Nc3 O-O 8. Rb1 d6 9. b4 h6 10. b5 Ne7 11. Qc2 {A26: English Opening vs King's Indian with ...Nc6 and d3.} g5 12. c5 Be6 13. Ba3 {Black has an edge.} Rf7 14. Rfc1 {[#]} f4 $146 ({Predecessor:} 14... Ne8 15. cxd6 cxd6 16. Nd2 Qd7 17. Qa4 d5 18. Bxe7 Rxe7 19. b6 Qxa4 20. Nxa4 axb6 21. Nxb6 Rxa2 22. Nxd5 {1-0 (30) Mastrovasilis,D (2570)-Kotrotsos,V (2339) Kalamata 2005}) 15. cxd6 cxd6 16. Nd2 d5 17. b6 Nc6 (17... axb6 $17 18. Bxe7 Rxe7) 18. bxa7 $11 Nd4 19. Qd1 ({Reject} 19. Qa4 b6 $17) (19. Qb2 $5 {[%cal Ra3c5]}) 19... fxg3 20. hxg3 Qa5 (20... Rxa7 $15 21. Bc5 Ra6) 21. Bd6 Ng4 22. Nf3 (22. Nb3 $1 $11 {remains equal.} Qxa7 23. Nxd4 Nxf2 24. Qa4 exd4 25. Qxa7 Rxa7 26. Nxd5) 22... e4 (22... Nxf2 {looks sharper.} 23. Qe1 Rxf3 24. Nb5 Qxe1+ 25. Rxe1 Nxb5 26. Rxb5 Rf7) 23. dxe4 Qxa7 {Hoping for ...Nxf2!} 24. e3 $2 {[%mdl 8192] [#] Now White is beyond hope.} ({But not} 24. exd5 $2 Nxf2 $1 25. Qf1 Bd7 $19) (24. Nxd4 $1 $15 Nxf2 25. Qb3 Bxd4 26. Nb5 Nd3+ 27. Kh2 Nxc1 28. Rxc1) 24... Nxe3 $1 $19 {[%mdl 512]} 25. fxe3 Nxf3+ 26. Bxf3 $2 (26. Kh1 dxe4 27. Nb5 Qxa2 28. Rc2) 26... Qxe3+ {[%mdl 64] Double Attack. Black is clearly winning.} 27. Kg2 Bxc3 28. Rc2 {[#]} Rxf3 $1 {[%mdl 576] Decoy.  Weighted Error Value: White=0.84/Black=0.19} 0-1